000 00527nam a22001937a 4500
003 KOHA_MİRAKIL
005 20251116121436.0
008 251116b tu ||||| |||| 00| 0 tur d
020 _a9789755337784
040 _aTR-AnABB
_btur
_cTR-AnABB
041 _atur
082 _a843.8
_bMAU 2014
100 1 _aMaupassant, Guy de,
245 1 0 _aBir yaşam /
_cGuy de Maupassant
260 _aAnkara :
_bİmge Kitapevi,
_c2014
300 _a218 sayfa ;
_c21 cm
650 0 4 _aFransız edebiyatı, roman
942 _2ddc
_cBK
999 _c9406
_d9406
900 _bGizem YORULMAZ